000 00561nam a22001937a 4500
003 OSt
005 20260116005427.0
008 260116b |||||||| |||| 00| 0 eng d
020 _a 0-07-038896-2.
040 _aDWCL-Admin lib
_cOC
082 _aCirc. 611 W754a 2001
100 _aWise, Eric
245 _a Anatomy and physiology laboratory manual /
_cEric Wise
260 _aBoston :
_bMcGraw-Hill,
_cc2001.
300 _a xiv, 560 p. :
_bill. ;
_c28 cm.
650 _a1. Human anatomy.
650 _a2. Physiology.
942 _2ddc
_cBK-CIRC
_hCirc.
_n0
999 _c7455
_d7455